00732cam a22002171 4500001001300000003000400013005001700017008004100034010001700075035001900092040004600111042001200157050002800169110003300197245004900230260012600279300002700405650003400432651003100466999001700497sd 40000053 DLC20260227112733.0830110s1938 cc 000 0 eng c asd 40000053  a(OCoLC)9116421 aU. S. Dept. of State Libr.cCCCdCCCdDLC apremarc00aDS777.53b.C58332 1938c2 aChina Information Committee.10aJapanese trample on foreign rights in China. aHankow, China,bPubl. by the China Information Committee;a[Hong Kong,bPrinted by South China Morning Post, Ltd.,c1938] a1 p. l., 16 p.c25 cm. 0aSino-Japanese War, 1937-1945. 0aChinaxForeign population. c89836d89836